000 00598nam a2200193 4500
001 6130
010 _a978-2-88901-140-7
090 _a6130
100 _a20260701d u||y0frey50 ba
101 _afre
200 _aMigrations
_fDavid Auberson
_h125
_iRevue historique vaudoise
210 _aLausanne
_bRue Ecole-de-Commerce 3, 1004 Lausanne
_cAntipodes
_d2017
_eAoste
_gLa Vallée
215 _a312 p.
_cill.
_d24 cm.
606 _91063
_aMigration
606 _9816
_aTravail
606 _91605
_aDroits des immigrés
607 _9703
_aVaud (Canton)
700 _97063
_aAuberson
_bDavid
801 _aCH
_bCH-001784-0